Officium hebdomadae Sanctae juxta ritum sac. Ord. Praedicat. sub Reverendissimo Patre Fr. Balthassare de Quiñones ejusdem ordinis Magistro Generali

Detalles Bibliográficos
Autor Corporativo: Iglesia Católica
Formato: Libro
Lenguaje:Undetermined
Latin
Publicado: Romae : 1797
Materias:
Colección:Banco de datos
Acervo:Monasterio de Santa Catalina de Siena de la Orden de Santo Domingo de Puebla. Puebla
Descripción Física:[2] h., 399 p., [2] h. : il. ; 8º
Tema general:Liturgia
Notas:Incluye una ilustración en grabado calcográfico
LEADER 00791nam a2200169Ia 4500
008 150723s9999 xx 000 0 und d
041 0 |a lat 
110 1 |a Iglesia Católica 
245 1 0 |a Officium hebdomadae Sanctae juxta ritum sac. Ord. Praedicat. sub Reverendissimo Patre Fr. Balthassare de Quiñones ejusdem ordinis Magistro Generali 
260 |a Romae :   |b ex typographia Joachimi Puccinelli,   |c 1797 
300 |a [2] h., 399 p., [2] h.  |b  : il.  |c  ; 8º 
500 |a Incluye una ilustración en grabado calcográfico  
650 1 0 |a Liturgia  
949 |a Monasterio de Santa Catalina de Siena y Santa Ana del Convento de Dominicas del Estado de Puebla: 85 
942 |c DOMPUE 
943 |g Monasterio de Santa Catalina de Siena de la Orden de Santo Domingo de Puebla. Puebla 
999 |c 1104855  |d 1104855